10 Most Populous Cities in Each Brazilian State With a Map - Statistics

General Stats
  • This quiz has been taken 404 times
  • The average score is 66 of 260
Answers on the Map
Answers color-coded by a green-red scale on the quiz's map according to % correct below.
 
Answer Stats
State Population City % Correct
Rio de Janeiro 6320446 Rio de Janeiro
96%
São Paulo 11253503 São Paulo
94%
Minas Gerais 2375151 Belo Horizonte
85%
Amazonas 1802014 Manaus
85%
Rio Grande do Sul 1409351 Porto Alegre
84%
Bahia 2675656 Salvador
78%
Pará 1393399 Belém
77%
Paraná 1751907 Curitiba
77%
Pernambuco 1537704 Recife
77%
Ceará 2452185 Fortaleza
76%
São Paulo 1080113 Campinas
73%
Goiás 1302001 Goiânia
71%
Piauí 57690 Floriano
68%
Rio Grande do Norte 803739 Natal
68%
Santa Catarina 421240 Florianópolis
67%
Maranhão 1014837 São Luís
67%
Espírito Santo 327801 Vitória
66%
São Paulo 419400 Santos
65%
Mato Grosso do Sul 786797 Campo Grande
64%
Acre 336038 Rio Branco
60%
Mato Grosso 551098 Cuiabá
59%
Paraíba 723515 João Pessoa
58%
São Paulo 1221979 Guarulhos
57%
Amapá 398204 Macapá
57%
Rondônia 428527 Porto Velho
57%
Minas Gerais 604013 Uberlândia
57%
Roraima 284313 Boa Vista
56%
Alagoas 932748 Maceió
56%
Piauí 814230 Teresina
55%
Santa Catarina 209804 São José
54%
Rio de Janeiro 855048 Duque de Caxias
53%
Santa Catarina 515288 Joinville
52%
Paraná 506701 Londrina
52%
Tocantins 228332 Palmas
52%
Sergipe 571149 Aracaju
51%
Paraná 256088 Foz do Iguaçu
51%
Santa Catarina 309011 Blumenau
48%
Maranhão 155129 Caxias
48%
Rio Grande do Sul 435564 Caxias do Sul
48%
Rio de Janeiro 487562 Niterói
48%
São Paulo 604682 Ribeirão Preto
47%
Rio Grande do Sul 261031 Santa Maria
46%
Minas Gerais 516247 Juiz de Fora
44%
Minas Gerais 295988 Uberaba
44%
Rio Grande do Sul 328275 Pelotas
43%
São Paulo 765463 São Bernardo do Campo
42%
Rio de Janeiro 999728 São Gonçalo
42%
Santa Catarina 183530 Chapecó
41%
Paraná 357077 Maringá
40%
São Paulo 666740 Osasco
40%
São Paulo 629921 São José dos Campos
40%
Rio de Janeiro 463731 Campos dos Goytacazes
39%
Bahia 556642 Feira de Santana
39%
Bahia 197965 Juazeiro
39%
Ceará 249939 Juazeiro do Norte
39%
Pará 294580 Santarém
39%
Goiás 334613 Anápolis
38%
Paraná 286205 Cascavel
38%
Rio de Janeiro 796257 Nova Iguaçu
38%
Rio de Janeiro 295917 Petrópolis
38%
Rio Grande do Sul 197228 Rio Grande
38%
São Paulo 676407 Santo André
38%
São Paulo 586625 Sorocaba
38%
Pernambuco 377779 Olinda
36%
Pernambuco 293962 Petrolina
36%
Goiás 455657 Aparecida de Goiânia
35%
Paraíba 385213 Campina Grande
35%
Santa Catarina 192308 Criciúma
35%
Minas Gerais 361915 Montes Claros
35%
Minas Gerais 378089 Betim
34%
Mato Grosso 195476 Rondonópolis
34%
Espírito Santo 414586 Vila Velha
34%
Minas Gerais 603442 Contagem
33%
Bahia 184236 Ilhéus
33%
Maranhão 247505 Imperatriz
33%
Paraná 311611 Ponta Grossa
33%
Minas Gerais 263689 Governador Valadares
32%
Rio Grande do Sul 238940 Novo Hamburgo
32%
Espírito Santo 409267 Serra
32%
Bahia 306866 Vitória da Conquista
32%
Rio de Janeiro 458673 São João de Meriti
31%
Rio de Janeiro 257803 Volta Redonda
31%
Mato Grosso do Sul 196035 Dourados
30%
Rio de Janeiro 469332 Belford Roxo
28%
Rio Grande do Sul 323827 Canoas
28%
Minas Gerais 239468 Ipatinga
28%
Santa Catarina 183373 Itajaí
28%
Mato Grosso 113099 Sinop
28%
Pernambuco 644620 Jaboatão dos Guararapes
27%
Pará 233669 Marabá
27%
Rio Grande do Norte 259815 Mossoró
27%
Goiás 176424 Rio Verde
27%
Paraná 264210 São José dos Pinhais
27%
Pernambuco 314912 Caruaru
26%
Acre 78507 Cruzeiro do Sul
26%
Paraná 140469 Paranaguá
26%
Pará 471980 Ananindeua
25%
Alagoas 214006 Arapiraca
25%
Mato Grosso do Sul 103703 Corumbá
25%
Rondônia 116610 Ji-Paraná
25%
Amapá 101262 Santana
24%
Amazonas 102033 Parintins
23%
Mato Grosso do Sul 77872 Ponta Porã
23%
Rio Grande do Sul 214087 São Leopoldo
23%
Mato Grosso 252596 Várzea Grande
23%
Santa Catarina 156727 Lages
22%
Bahia 163449 Lauro de Freitas
22%
Piauí 145705 Parnaíba
22%
Minas Gerais 296317 Ribeirão das Neves
22%
Ceará 188233 Sobral
22%
Mato Grosso 56560 Barra do Garças
21%
Santa Catarina 143123 Jaraguá do Sul
21%
Amapá 20509 Oiapoque
21%
Espírito Santo 189889 Cachoeiro de Itapemirim
20%
Bahia 242970 Camaçari
20%
Paraná 212967 Colombo
20%
Paraná 167328 Guarapuava
20%
Goiás 174531 Luziânia
20%
Paraíba 100674 Patos
20%
Mato Grosso do Sul 101791 Três Lagoas
20%
Rio Grande do Sul 239384 Viamão
20%
Pernambuco 185025 Cabo de Santo Agostinho
19%
Ceará 121428 Crato
19%
Espírito Santo 105286 Guarapari
19%
Bahia 204667 Itabuna
19%
Santa Catarina 137334 Palhoça
19%
Pernambuco 300466 Paulista
19%
Tocantins 150484 Araguaína
18%
Ceará 325441 Caucaia
18%
Espírito Santo 141306 Linhares
18%
Acre 15206 Mâncio Lima
18%
Rondônia 76202 Vilhena
18%
Espírito Santo 348738 Cariacica
17%
Rondônia 37928 Ouro Preto do Oeste
17%
Rio Grande do Norte 202456 Parnamirim
17%
Goiás 159378 Águas Lindas de Goiás
16%
Rio Grande do Sul 255660 Gravataí
16%
Sergipe 94861 Lagarto
16%
Espírito Santo 109028 São Mateus
16%
Goiás 132982 Valparaíso de Goiás
16%
Bahia 141949 Alagoinhas
15%
Bahia 151895 Jequié
15%
Mato Grosso 87942 Cáceres
14%
Pernambuco 129408 Garanhuns
14%
Tocantins 76755 Gurupi
14%
Sergipe 86967 Itabaiana
14%
Ceará 209057 Maracanaú
14%
Piauí 73414 Picos
14%
Acre 38029 Sena Madureira
14%
Mato Grosso 66521 Sorriso
14%
Amazonas 61453 Tefé
14%
Maranhão 155460 Timon
14%
Mato Grosso 49164 Alta Floresta
13%
Rondônia 90353 Ariquemes
13%
Pará 113227 Bragança
13%
Rondônia 78574 Cacoal
13%
Pará 173149 Castanhal
13%
Espírito Santo 111788 Colatina
13%
Acre 32412 Feijó
13%
Goiás 100085 Formosa
13%
Amazonas 86839 Itacoatiara
13%
Mato Grosso do Sul 46424 Naviraí
13%
Sergipe 160827 Nossa Senhora do Socorro
13%
Goiás 95018 Novo Gama
13%
Pará 153908 Parauapebas
13%
Tocantins 49146 Porto Nacional
13%
Roraima 24279 Rorainópolis
13%
Alagoas 54577 São Miguel dos Campos
13%
Paraíba 65803 Sousa
13%
Tocantins 22619 Tocantinópolis
13%
Goiás 104488 Trindade
13%
Maranhão 104047 Açailândia
12%
Maranhão 100014 Bacabal
12%
Maranhão 83528 Balsas
12%
Paraíba 99716 Bayeux
12%
Ceará 116065 Itapipoca
12%
Amapá 39942 Laranjal do Jari
12%
Alagoas 70368 Palmeira dos Índios
12%
Alagoas 60378 Penedo
12%
Ceará 80604 Quixadá
12%
Mato Grosso 83431 Tangará da Serra
12%
Mato Grosso do Sul 45614 Aquidauana
11%
Espírito Santo 81832 Aracruz
11%
Paraíba 58446 Cajazeiras
11%
Alagoas 52130 Coruripe
11%
Alagoas 48096 Delmiro Gouveia
11%
Rondônia 41656 Guajará-Mirim
11%
Amazonas 44227 Humaitá
11%
Ceará 96495 Iguatu
11%
Amazonas 85141 Manacapuru
11%
Ceará 113561 Maranguape
11%
Paraíba 120310 Santa Rita
11%
Maranhão 163045 São José de Ribamar
11%
Amazonas 52272 Tabatinga
11%
Piauí 42654 União
11%
Acre 16091 Xapuri
11%
Acre 21398 Brasiléia
10%
Rio Grande do Norte 62709 Caicó
10%
Amazonas 75965 Coari
10%
Maranhão 118038 Codó
10%
Sergipe 64409 Estância
10%
Mato Grosso do Sul 45585 Nova Andradina
10%
Mato Grosso 52066 Primavera do Leste
10%
Rondônia 50648 Rolim de Moura
10%
Pernambuco 129974 Vitória de Santo Antão
10%
Pará 141100 Abaetetuba
9%
Paraíba 57944 Cabedelo
9%
Pernambuco 144466 Camaragibe
9%
Rio Grande do Norte 68141 Ceará-Mirim
9%
Sergipe 38910 Itabaianinha
9%
Roraima 10433 Pacaraima
9%
Maranhão 105121 Paço do Lumiar
9%
Mato Grosso do Sul 40192 Paranaíba
9%
Alagoas 68481 Rio Largo
9%
Sergipe 78864 São Cristóvão
9%
Acre 20179 Senador Guiomard
9%
Mato Grosso do Sul 42132 Sidrolândia
9%
Sergipe 38702 Simão Dias
9%
Sergipe 48040 Tobias Barreto
9%
Piauí 38822 Altos
8%
Pará 120896 Cametá
8%
Amapá 17032 Mazagão
8%
Piauí 61834 Piripiri
8%
Acre 17209 Plácido de Castro
8%
Rio Grande do Norte 87668 São Gonçalo do Amarante
8%
Acre 35590 Tarauacá
8%
Amapá 12428 Vitória do Jari
8%
Rio Grande do Norte 53227 Assu
7%
Roraima 18398 Caracaraí
7%
Paraíba 55326 Guarabira
7%
Rondônia 52005 Jaru
7%
Amazonas 52236 Maués
7%
Roraima 8940 Normandia
7%
Tocantins 44417 Paraíso do Tocantins
7%
Rondônia 33822 Pimenta Bueno
7%
Amapá 16809 Porto Grande
7%
Paraíba 50143 Sapé
7%
Amapá 12563 Tartarugalzinho
7%
Alagoas 62358 União dos Palmares
7%
Roraima 10943 Bonfim
6%
Amapá 9000 Calçoene
6%
Alagoas 50816 Campo Alegre
6%
Rio Grande do Norte 42652 Currais Novos
6%
Rio Grande do Norte 69467 Macaíba
6%
Amazonas 47017 Manicoré
6%
Tocantins 20684 Miracema do Tocantins
6%
Roraima 14792 Mucajaí
6%
Roraima 16448 Alto Alegre
5%
Roraima 9327 Amajari
5%
Roraima 13902 Cantá
5%
Tocantins 30838 Colinas do Tocantins
5%
Tocantins 23200 Guaraí
5%
Pará 108246 Marituba
5%
Sergipe 32497 Nossa Senhora da Glória
5%
Amapá 10772 Pedra Branca do Amapari
5%
Tocantins 31329 Araguatins
4%
Piauí 44850 Barras
4%
Piauí 45177 Campo Maior
4%
Piauí 37767 Esperantina
4%
Rio Grande do Norte 39776 São José de Mipibu
4%
No matching quizzes found
Score Distribution
Percent of People with Each Score
Percentile by Number Answered
Your Score History
You have not taken this quiz